000 00837cab a2200277 4500
001 ABS60284
008 090401t1999 xxu||||| |||| 00| 0 eng d
035 _a(Sirsi) u92316
041 _aeng
100 _aJones, C.
245 _aLocal commercial and industrial rental trends and property market constraints
260 _c1999
350 _a0
490 _aUrban Studies
_v36(2) February 1999, 223-237(8)
650 _aINDUSTRIAL MARKET
650 _aPROPERTY-COMMERCIAL PROPERTY-OFFICE PROPERTY-OFFICE PROPERTY MARKET
650 _aPROPERTY DEMAND
650 _aRENTAL CYCLES
650 _aPROPERTY-COMMERCIAL PROPERTY-RETAIL PROPERTY-RETAIL PROPERTY MARKET
650 _aSUPPLY AND DEMAND
650 _aTRENDS
690 _aPROPERTY-COMMERCIAL PROPERTY
700 _aOrr, A.
942 _n0
948 _c24/03/1999
999 _c58538
_d58538